| 000 | 00596nam a2200241Ia 4500 | ||
|---|---|---|---|
| 999 |
_c45143 _d45143 |
||
| 001 | 11966 | ||
| 003 | GE_BSU | ||
| 005 | 20221121145547.0 | ||
| 008 | 181216s1986en xx |||||||||||||| ||eng|| | ||
| 020 | _a9780330315838 x | ||
| 040 | _cGE_BSU | ||
| 041 | _aeng | ||
| 080 | _a821.111-312.4 G-71 | ||
| 100 |
_aGrafton,Sue _915969 |
||
| 245 |
_aB Is For Burglar / _cSue Grafton |
||
| 264 |
_aLondon : _bPan Books, _c1986. |
||
| 300 |
_a230 p; _b18 cm. |
||
| 653 | _aB Is For Burglar | ||
| 653 | _astory | ||
| 653 | _aРассказ | ||
| 653 | _aმოთხრობა | ||
| 942 |
_cBK _2udc |
||